Technology Foresight - nová generácia prognostických prác

Základné charakteristiky Technology Foresight (TF, technologické predvídanie) - nového produktu prognostickej metodológie. Priebeh zavedenia a používania TF v medzinárodnom meradle. Súčasný stav používania TF v Európskej únii. Skúsenosti z doterajších prognostických prác v oblasti výskumu a vývoja n...

Descripción completa

Guardado en:
Detalles Bibliográficos
Autor principal: Šarmír, Eduard
Formato: Capítulo de libro
Lenguaje:eslovaco
Materias:
Etiquetas: Agregar Etiqueta
Sin Etiquetas, Sea el primero en etiquetar este registro!

MARC

LEADER 00000naa a2200000 4500
001 r048964
005 20230929074928.7
041 0 |a slo 
044 |a SK 
245 1 0 |a Technology Foresight - nová generácia prognostických prác  |c Eduard Šarmír 
520 |a Základné charakteristiky Technology Foresight (TF, technologické predvídanie) - nového produktu prognostickej metodológie. Priebeh zavedenia a používania TF v medzinárodnom meradle. Súčasný stav používania TF v Európskej únii. Skúsenosti z doterajších prognostických prác v oblasti výskumu a vývoja na Slovensku. Význam a potreba zavedenia TF v SR. 
610 2 0 |a prognostika 
610 2 0 |a metodológia 
610 2 0 |a Technology Foresight 
610 2 0 |a pojmy 
610 2 0 |a technológia 
610 2 0 |a výskum 
610 2 0 |a vývoj 
610 2 0 |a Európska únia 
610 2 0 |a Slovensko 
610 2 0 |a veda 
610 2 0 |a technika 
610 2 0 |a politika vedeckotechnická 
610 2 0 |a predvídanie 
610 2 0 |a prognózy vedeckotechnické 
100 1 |a Šarmír, Eduard